Rýchla mikroanketa pomocou mobilných zariadení bakalárska práca

Na minha lista:
Detalhes bibliográficos
Autor principal: Vohnout, Jakub
Autor Corporativo: Fakulta hospodárskej informatiky EU. Katedra aplikovanej informatiky
Outros Autores: Schmidt, Peter, 1968-
Formato: Livro
Idioma:eslovaco
Publicado em: Bratislava 2017
Tags: Adicionar Tag
Sem tags, seja o primeiro a adicionar uma tag!

MARC

LEADER 00000nbm a2200000 4500
001 0233042
005 20180413150105.0
041 0 |a slo 
044 |a SK 
245 1 0 |a Rýchla mikroanketa pomocou mobilných zariadení  |b bakalárska práca  |c Jakub Vohnout ; školiteľ: Peter Schmidt 
264 1 |a Bratislava  |c 2017 
300 |a 45 s. 
100 1 |a Vohnout, Jakub 
700 1 |a Schmidt, Peter, 1968- 
710 2 |a Fakulta hospodárskej informatiky EU. Katedra aplikovanej informatiky